Statistiques concernant Pays frontaliers commençant avec la même lettre

Cliquez ici pour prendre le quiz!

Statistiques générales

  • Ce quiz a été pris 344 fois
    (248 depuis la dernière actualisation)
  • Le résultat moyen est 26 sur 41

Statistiques - réponses

Réponse% Correct
Corée du Nord
91%
Corée du Nord
91%
Corée du Sud
91%
Chine
89%
R.D. Congo
83%
Rép. Congo
83%
Irak
74%
Iran
74%
Lettonie
74%
Bolivie
73%
Brésil
73%
Lituanie
73%
Mauritanie
73%
Mali
71%
Maroc (Sahara occidental)
71%
Soudan
71%
Allemagne
70%
Soudan du Sud
70%
Autriche
69%
République centrafricaine
69%
Niger
65%
Nigeria
65%
Guinée
64%
Zimbabwé
63%
Zambie
62%
Guinée-Bissau
61%
Rwanda
61%
Ethiopie
56%
Érythrée
55%
Azerbaïdjan
52%
Arménie
50%
Kazakhstan
50%
Kirghizistan
48%
Gabon
41%
Guinée-équatoriale
39%
Malawi
39%
Mozambique
38%
Bangladesh
36%
Birmanie
36%
Burkina Faso
33%
Bénin
32%

Distribution des résultats

Percentile par nombre de réponses

% des personnes avec chaque résultat

Votre développement - résultats

Vous n’avez pas pris ce quiz depuis la dernière actualisation